<?xml version="1.0" encoding="UTF-8"?>
<collection xmlns="http://www.loc.gov/MARC21/slim">
 <record>
  <leader>01157nam a2200205Ia 4500</leader>
  <controlfield tag="001">CTU_224208</controlfield>
  <controlfield tag="008">210402s9999    xx            000 0 und d</controlfield>
  <datafield tag="082" ind1=" " ind2=" ">
   <subfield code="a">657.42</subfield>
  </datafield>
  <datafield tag="082" ind1=" " ind2=" ">
   <subfield code="b">T406</subfield>
  </datafield>
  <datafield tag="088" ind1=" " ind2=" ">
   <subfield code="a">60340102</subfield>
  </datafield>
  <datafield tag="100" ind1=" " ind2=" ">
   <subfield code="a">Hồ, Văn Toàn</subfield>
  </datafield>
  <datafield tag="245" ind1=" " ind2="0">
   <subfield code="a">Hoàn thiện kế toán quản trị chi phí tại Trung tâm Thông tin Di động khu vực IV :</subfield>
  </datafield>
  <datafield tag="245" ind1=" " ind2="0">
   <subfield code="b">Luận văn Thạc sĩ Kinh tế. Chuyên ngành Quản trị kinh doanh</subfield>
  </datafield>
  <datafield tag="245" ind1=" " ind2="0">
   <subfield code="c">Hồ Văn Toàn ; Võ Văn Dứt (Cán bộ hướng dẫn)</subfield>
  </datafield>
  <datafield tag="260" ind1=" " ind2=" ">
   <subfield code="a">Cần Thơ</subfield>
  </datafield>
  <datafield tag="260" ind1=" " ind2=" ">
   <subfield code="b">Trường Đại học Cần Thơ</subfield>
  </datafield>
  <datafield tag="260" ind1=" " ind2=" ">
   <subfield code="c">2017</subfield>
  </datafield>
  <datafield tag="520" ind1=" " ind2=" ">
   <subfield code="a">Đánh giá thực trạng các quy trình kiểm soát nội bộ và thực trạng của hệ thống kế toán quản trị chi phí tại Trung tâm IV, phân tích hiệu quả phục vụ của hệ thống kế toán quản trị chi phí đối với việc ra quyết định của lãnh đạo Trung tâm IV.</subfield>
  </datafield>
  <datafield tag="650" ind1=" " ind2=" ">
   <subfield code="a">Kế toán chi phí,Cost accounting</subfield>
  </datafield>
  <datafield tag="980" ind1=" " ind2=" ">
   <subfield code="a">Trung tâm Học liệu Trường Đại học Cần Thơ</subfield>
  </datafield>
 </record>
</collection>
